000 00583cam a22002053a 4500
001 41347
003 PGUSA
005 20140828083930.0
008 121111s2012||||xxu|||||s|||||000 | eng d
040 _aPGUSA
_beng
042 _adc
100 1 _aBroxap, Ernest
245 1 4 _aThe Great Civil War in Lancashire (1642-1651)
_h[electronic resource] /
_cErnest Broxap
260 _bProject Gutenberg,
_c2012
506 _aPublic domain in the USA.
516 _aElectronic text
830 0 _aProject Gutenberg
_v41347
856 4 0 _uhttp://www.gutenberg.org/ebooks/41347
942 _cEB
999 _c270599
_d270599